[Event "LTU-chT"]
[Site "Lithuania"]
[Date "2018.04.14"]
[Round "6.4"]
[White "Simanaitis, Vytautas"]
[Black "Dubovikas, Tomas"]
[Result "1-0"]
[WhiteElo "2009"]
[BlackElo "2209"]
[PlyCount "67"]
[EventDate "2018.01.27"]
[EventType "team-swiss"]
[EventRounds "7"]
[EventCountry "LTU"]
[SourceTitle "EXT 2019"]
[Source "ChessBase"]
[SourceDate "2018.10.10"]
[SourceVersion "1"]
[SourceVersionDate "2018.10.10"]
[SourceQuality "1"]
[WhiteTeam "Kaunas Gambiteriai"]
[BlackTeam "Siauliai Tomas"]
[WhiteTeamCountry "LTU"]
[BlackTeamCountry "LTU"]

1. e4 e6 2. d4 d5 3. e5 c5 4. c3 Nc6 5. Nf3 Qb6 6. a3 c4 7. Nbd2 Bd7 8. b3 cxb3 9. Qxb3 Qxb3 10. Nxb3 f6 11. Bd3 f5 12. 0-0 Rc8 13. Bd2 h6 14. h4 g6 15. Rfc1 b6 16. Ba6 Rb8 17. a4 Nge7 18. a5 Nxa5 19. Nxa5 bxa5 20. Rxa5 Nc6 21. Raa1 Be7 22. Rcb1 Bd8 23. c4 dxc4 24. Rxb8 Nxb8 25. Bxc4 Bb6 26. d5 exd5 27. Bxd5 Bc6 28. Bb3 Nd7 29. Rc1 Bb7 30. Bb4 Nb8 31. e6 Rh7 32. Ba4+ Kd8 33. Rd1+ Kc7 34. e7 1-0

[Event "LTU-chT"]
[Site "Lithuania"]
[Date "2016.02.07"]
[Round "5.3"]
[White "Stauskas, Lukas"]
[Black "Simanaitis, Vytautas"]
[Result "1-0"]
[WhiteElo "2122"]
[BlackElo "2016"]
[PlyCount "75"]
[EventDate "2016.01.23"]
[EventType "team-swiss"]
[EventRounds "7"]
[EventCountry "LTU"]
[SourceTitle "EXT 2017"]
[Source "ChessBase"]
[SourceDate "2016.10.25"]
[SourceVersion "1"]
[SourceVersionDate "2016.10.25"]
[SourceQuality "1"]
[WhiteTeam "Siauliai Tomas"]
[BlackTeam "Kaunas TU"]
[WhiteTeamCountry "LTU"]
[BlackTeamCountry "LTU"]

1. d4 d5 2. Nf3 Nf6 3. c4 e6 4. Nc3 c6 5. Bg5 Be7 6. e3 Nbd7 7. Qc2 0-0 8. Rd1 Re8 9. Be2 h6 10. Bh4 dxc4 11. Bxc4 Nd5 12. Bg3 Qa5 13. 0-0 Nb4 14. Qd2 b5 15. Be2 Qb6 16. e4 Bb7 17. a3 Na6 18. Bf4 b4 19. axb4 Bxb4 20. Bc4 Rad8 21. Qc2 Nf6 22. Na4 Qa5 23. Ra1 Nb8 24. Nc5 Qb6 25. Bxb8 Rxb8 26. e5 Nd5 27. Nd7 Qc7 28. Nxb8 Qxb8 29. Bxd5 cxd5 30. Rfc1 Rc8 31. Qa4 a5 32. Qd7 Ba6 33. Rxc8+ Qxc8 34. Qxc8+ Bxc8 35. Ne1 Ba6 36. Nc2 Bd2 37. b4 Bd3 38. Rd1 1-0

[Event "Wch U18"]
[Site "Caldas Novas"]
[Date "2011.11.19"]
[Round "2"]
[White "Simanaitis, Vytautas"]
[Black "Alvarez, Agustin"]
[Result "0-1"]
[WhiteElo "2053"]
[BlackElo "1810"]
[PlyCount "100"]
[EventDate "2011.11.18"]
[EventType "swiss"]
[EventRounds "9"]
[EventCountry "BRA"]
[SourceTitle "EXT 2013"]
[Source "ChessBase"]
[SourceDate "2012.11.22"]
[SourceVersion "1"]
[SourceVersionDate "2012.11.22"]
[SourceQuality "1"]

1. e4 c5 2. Nc3 e6 3. g3 Nc6 4. Bg2 g6 5. d3 Bg7 6. Be3 d6 7. Qd2 Rb8 8. Nge2 Nd4 9. Bxd4 cxd4 10. Nb5 Qb6 11. Qb4 Ke7 12. a3 e5 13. 0-0 Be6 14. f4 f6 15. f5 Bf7 16. Nexd4 exd4 17. Nxd4 Qc5 18. c3 Nh6 19. Qa4 Ng4 20. b4 Qb6 21. Rfe1 Ne5 22. Rad1 Nc6 23. b5 Nxd4 24. cxd4 Rhc8 25. Kh1 Rc3 26. e5 fxe5 27. dxe5 dxe5 28. d4 Rc4 29. Qb3 Rxd4 30. Qc3 Rbd8 31. Rxd4 Rxd4 32. Qc8 Rd7 33. fxg6 hxg6 34. a4 Be6 35. Qc1 Bf6 36. Qh6 Bf7 37. g4 g5 38. Rf1 Qd6 39. h4 Bd5 40. Rf2 Bxg2+ 41. Rxg2 Qd1+ 42. Kh2 e4 43. Qh7+ Kd6 44. Qg6 Qf3 45. hxg5 Qf4+ 46. Kh1 Qxg5 47. Qxe4 Kc7 48. Rc2+ Kb8 49. Kg2 Rd4 50. Qe8+ Bd8 0-1

[Event "Klaipeda Sea op 08th"]
[Site "Klaipeda"]
[Date "2011.07.29"]
[Round "8"]
[White "Simanaitis, Vytautas"]
[Black "Malinin, Yuri"]
[Result "1/2-1/2"]
[WhiteElo "2024"]
[BlackElo "2344"]
[PlyCount "151"]
[EventDate "2011.07.25"]
[EventType "swiss"]
[EventRounds "9"]
[EventCountry "LTU"]
[SourceTitle "EXT 2012"]
[Source "ChessBase"]
[SourceDate "2011.11.24"]
[SourceVersion "1"]
[SourceVersionDate "2011.11.24"]
[SourceQuality "1"]

1. e4 c5 2. Nc3 Nc6 3. g3 e6 4. Bg2 Nge7 5. d3 d5 6. exd5 Nxd5 7. Nge2 Nxc3 8. Nxc3 Bd7 9. Be3 Be7 10. 0-0 0-0 11. Ne4 b6 12. Qd2 Rc8 13. Rae1 Nb4 14. f4 c4 15. d4 Nd5 16. c3 a5 17. Bh3 g6 18. g4 f5 19. gxf5 gxf5 20. Ng5 Rf6 21. Nf3 Rg6+ 22. Bg2 Bd6 23. Kh1 Bc6 24. Rg1 Kh8 25. h3 Qc7 26. Ne5 Bxe5 27. dxe5 Rcg8 28. Bxd5 Bxd5+ 29. Kh2 Rg2+ 30. Rxg2 Rxg2+ 31. Qxg2 Bxg2 32. Kxg2 Qc6+ 33. Kf2 Qb5 34. Re2 Kg7 35. Rd2 Kf7 36. a3 h5 37. Kg3 Qc6 38. Rd4 b5 39. Bf2 Qb7 40. h4 Qh1 41. Rd7+ Kg8 42. Rd8+ Kg7 43. Rd7+ Kg8 44. Rd8+ Kf7 45. Rd7+ Kg6 46. Rd6 Qb1 47. Rxe6+ Kf7 48. Rb6 Qd3+ 49. Kg2 Qe2 50. Rxb5 Qg4+ 51. Bg3 Qe2+ 52. Bf2 Ke6 53. Rb6+ Ke7 54. Rb7+ Ke8 55. Rb8+ Kd7 56. Rb7+ Kd8 57. Rb8+ Ke7 58. Rb5 a4 59. Rb4 Qe4+ 60. Kg3 Qd3+ 61. Kg2 Qe2 62. Rb5 Qg4+ 63. Bg3 Ke6 64. Ra5 Qe2+ 65. Bf2 Qg4+ 66. Bg3 Qd1 67. Bf2 Kd7 68. Ra7+ Kc6 69. Ra6+ Kb7 70. Rb6+ Kc7 71. Rb5 Qg4+ 72. Bg3 Kc6 73. Ra5 Qe2+ 74. Bf2 Qe4+ 75. Kg3 Qe2 76. Kg2 1/2-1/2

[Event "Klaipeda Sea op 08th"]
[Site "Klaipeda"]
[Date "2011.07.29"]
[Round "7"]
[White "Zebelis, Rimantas"]
[Black "Simanaitis, Vytautas"]
[Result "0-1"]
[WhiteElo "1888"]
[BlackElo "2024"]
[PlyCount "56"]
[EventDate "2011.07.25"]
[EventType "swiss"]
[EventRounds "9"]
[EventCountry "LTU"]
[SourceTitle "EXT 2012"]
[Source "ChessBase"]
[SourceDate "2011.11.24"]
[SourceVersion "1"]
[SourceVersionDate "2011.11.24"]
[SourceQuality "1"]

1. Nf3 d5 2. d4 Nf6 3. c4 e6 4. Nc3 c6 5. e3 Nbd7 6. a3 Bd6 7. Be2 dxc4 8. Bxc4 Qc7 9. h3 0-0 10. Qe2 e5 11. 0-0 Re8 12. e4 exd4 13. Nxd4 Nc5 14. Qc2 Ncxe4 15. Nxe4 Rxe4 16. Be3 Bf4 17. Qb3 b5 18. Be2 Nd5 19. Nxb5 Qe5 20. Bxf4 Nxf4 21. Bf3 cxb5 22. Bxe4 Qxe4 23. f3 Qg6 24. g4 Be6 25. Qe3 Nxh3+ 26. Kg2 Re8 27. Rae1 h5 28. Qxa7 hxg4 0-1

[Event "Baltija Cup op-A"]
[Site "Palanga"]
[Date "2011.06.21"]
[Round "5"]
[White "Osis, Reinars"]
[Black "Simanaitis, Vytautas"]
[Result "1-0"]
[WhiteElo "2174"]
[BlackElo "2002"]
[PlyCount "41"]
[EventDate "2011.06.19"]
[EventType "swiss"]
[EventRounds "8"]
[EventCountry "LTU"]
[SourceTitle "EXT 2012"]
[Source "ChessBase"]
[SourceDate "2011.11.24"]
[SourceVersion "1"]
[SourceVersionDate "2011.11.24"]
[SourceQuality "1"]

1. d4 d5 2. Nf3 Nf6 3. Bf4 e6 4. e3 Bd6 5. Ne5 0-0 6. Nd2 c5 7. c3 b6 8. Bd3 Ba6 9. Bc2 h6 10. h4 cxd4 11. exd4 Nh7 12. Ndf3 Re8 13. Bxh7+ Kxh7 14. Nxf7 Bxf4 15. Nxd8 Rxd8 16. Qc2+ Kg8 17. g3 Bd6 18. Qg6 Nc6 19. Ng5 hxg5 20. Qxe6+ Kf8 21. hxg5 1-0

[Event "LTU-ch U18"]
[Site "Siauliai"]
[Date "2011.03.19"]
[Round "5"]
[White "Jurkunas, Nerijus"]
[Black "Simanaitis, Vytautas"]
[Result "0-1"]
[WhiteElo "1829"]
[BlackElo "1956"]
[PlyCount "80"]
[EventDate "2011.03.17"]
[EventType "swiss"]
[EventRounds "7"]
[EventCountry "LTU"]
[SourceTitle "EXT 2022"]
[Source "ChessBase"]
[SourceDate "2021.10.06"]
[SourceVersion "1"]
[SourceVersionDate "2021.10.06"]
[SourceQuality "1"]

1. d4 d5 2. c4 e6 3. Nc3 c6 4. Nf3 dxc4 5. e3 b5 6. a4 Bb4 7. Bd2 a5 8. axb5 Bxc3 9. Bxc3 cxb5 10. b3 Bb7 11. bxc4 b4 12. Bb2 Nf6 13. Bd3 Nbd7 14. 0-0 Qc7 15. Re1 0-0 16. e4 Rfb8 17. e5 Ne8 18. Bc1 Bc6 19. Bxh7+ Kxh7 20. Ng5+ Kg8 21. d5 exd5 22. cxd5 Bb5 23. Qh5 Nf8 24. Bf4 g6 25. Qg4 Qc4 26. e6 fxe6 27. dxe6 Nf6 28. Qh4 Nh5 29. Re4 Qc3 30. Rc1 Qb2 31. Rce1 Nxf4 32. Rxf4 Qh8 33. Qg3 Qc3 34. f3 Re8 35. e7 Qc5+ 36. Kh1 Rxe7 37. Ne4 Rxe4 38. Rfxe4 b3 39. Qf4 Rd8 40. Re7 Qxe7 0-1

[Event "LTU-chT 1011"]
[Site "Lithuania"]
[Date "2010.11.20"]
[Round "4"]
[White "Simanaitis, Vytautas"]
[Black "Einikis, Vidmantas"]
[Result "1/2-1/2"]
[WhiteElo "1956"]
[BlackElo "2204"]
[PlyCount "87"]
[EventDate "2010.11.06"]
[EventType "team-tourn"]
[EventRounds "9"]
[EventCountry "LTU"]
[SourceTitle "EXT 2012"]
[Source "ChessBase"]
[SourceDate "2011.11.24"]
[SourceVersion "1"]
[SourceVersionDate "2011.11.24"]
[SourceQuality "1"]

1. e4 c5 2. Nc3 Nc6 3. g3 g6 4. Bg2 Bg7 5. d3 d6 6. Be3 Nf6 7. h3 Rb8 8. Qd2 b5 9. Bh6 Bxh6 10. Qxh6 Nd4 11. Qd2 e5 12. Nd1 Be6 13. c3 Nc6 14. Ne3 d5 15. exd5 Nxd5 16. Ne2 Qd7 17. d4 exd4 18. cxd4 c4 19. Nxd5 Bxd5 20. Qe3+ Ne7 21. Bxd5 Qxd5 22. 0-0 Qd7 23. Nc3 0-0 24. Qe5 Nc6 25. Qc5 Rfc8 26. Nd5 Kg7 27. Nf4 Qxd4 28. Qg5 Qe5 29. Qg4 h5 30. Qh4 Nd4 31. Kg2 Ne6 32. Nxe6+ Qxe6 33. Qd4+ Qf6 34. Qxa7 Qxb2 35. Rab1 Qe5 36. Rbd1 c3 37. Rfe1 c2 38. Rd7 Qf6 39. Rxf7+ Qxf7 40. Re7 Qxe7 41. Qxe7+ Kg8 42. Qe6+ Kf8 43. Qf6+ Ke8 44. Qe6+ 1/2-1/2

[Event "Klaipeda Sea op 07th"]
[Site "Klaipeda"]
[Date "2010.07.28"]
[Round "5"]
[White "Uogele, Anicetas B"]
[Black "Simanaitis, Vytautas"]
[Result "1-0"]
[WhiteElo "2163"]
[BlackElo "1960"]
[PlyCount "53"]
[EventDate "2010.07.26"]
[EventType "swiss"]
[EventRounds "9"]
[EventCountry "LTU"]
[SourceTitle "EXT 2012"]
[Source "ChessBase"]
[SourceDate "2011.11.24"]
[SourceVersion "1"]
[SourceVersionDate "2011.11.24"]
[SourceQuality "1"]

1. c4 e5 2. g3 f5 3. Bg2 Nf6 4. Nc3 Nc6 5. e3 d6 6. Nge2 g6 7. Rb1 Bg7 8. d3 0-0 9. b4 Ne7 10. b5 g5 11. h4 h6 12. Qb3 c6 13. bxc6 bxc6 14. Ba3 Qc7 15. hxg5 hxg5 16. f4 gxf4 17. gxf4 Re8 18. fxe5 dxe5 19. Nb5 cxb5 20. Bxe7 Qxe7 21. Bxa8 bxc4 22. dxc4 f4 23. Bd5+ Nxd5 24. cxd5 f3 25. Ng3 Qg5 26. Kf2 Bf5 27. Rh5 1-0

[Event "Baltija Cup op 7th"]
[Site "Palanga"]
[Date "2010.06.24"]
[Round "8"]
[White "Vedrickiene, Jovita"]
[Black "Simanaitis, Vytautas"]
[Result "1-0"]
[WhiteElo "2077"]
[BlackElo "1960"]
[PlyCount "43"]
[EventDate "2010.06.20"]
[EventType "swiss"]
[EventRounds "8"]
[EventCountry "LTU"]
[SourceTitle "EXT 2022"]
[Source "ChessBase"]
[SourceDate "2021.10.06"]
[SourceVersion "1"]
[SourceVersionDate "2021.10.06"]
[SourceQuality "1"]

1. e4 e5 2. Nf3 Nc6 3. Bc4 Nf6 4. d4 exd4 5. Nxd4 d5 6. exd5 Nxd5 7. 0-0 Be7 8. Re1 Nb6 9. Bb5 Bd7 10. Bxc6 Bxc6 11. Bg5 f6 12. Bxf6 gxf6 13. Qh5+ Kd7 14. Qg4+ Ke8 15. Nf5 Nc8 16. Nc3 Bd7 17. Qh5+ Kf8 18. Qh6+ Ke8 19. Nxe7 Nxe7 20. Nd5 Be6 21. Rxe6 Qxd5 22. Qxf6 1-0

[Event "Baltija Cup op 7th"]
[Site "Palanga"]
[Date "2010.06.23"]
[Round "7"]
[White "Simanaitis, Vytautas"]
[Black "Berzina, Ilze"]
[Result "0-1"]
[WhiteElo "1960"]
[BlackElo "2283"]
[PlyCount "130"]
[EventDate "2010.06.20"]
[EventType "swiss"]
[EventRounds "8"]
[EventCountry "LTU"]
[SourceTitle "EXT 2022"]
[Source "ChessBase"]
[SourceDate "2021.10.06"]
[SourceVersion "1"]
[SourceVersionDate "2021.10.06"]
[SourceQuality "1"]

1. e4 e5 2. Nf3 Nc6 3. Nc3 Nf6 4. d4 exd4 5. Nxd4 Bb4 6. Nxc6 bxc6 7. Bd3 d5 8. exd5 cxd5 9. 0-0 0-0 10. Bg5 c6 11. Qf3 Bd6 12. Rfe1 h6 13. Bxf6 Qxf6 14. Qxf6 gxf6 15. Ne2 Be5 16. Rab1 Rb8 17. b3 Be6 18. Ng3 Rfe8 19. Kf1 c5 20. Nf5 h5 21. g3 Bc3 22. Red1 Rb6 23. Ne3 d4 24. Nc4 Bh3+ 25. Kg1 Rbe6 26. f3 f5 27. Kf2 Kg7 28. Rg1 Kf6 29. Rbd1 Bb4 30. a3 Bc3 31. Rc1 f4 32. g4 Kg5 33. gxh5+ Kxh5 34. Rg7 Re1 35. Rxe1 Bxe1+ 36. Kg1 Bh4 37. Nd2 Re1+ 38. Nf1 Be6 39. Kg2 Rd1 40. Bb5 Ra1 41. Nd2 Kh6 42. Rg8 Kh7 43. Re8 Rxa3 44. Ne4 Ra5 45. Bc4 Bxc4 46. bxc4 Kg7 47. c3 d3 48. Kh3 Be1 49. Rd8 f5 50. Rxd3 fxe4 51. fxe4 Kf6 52. Kg4 Ra4 53. Kxf4 a5 54. Rd6+ Ke7 55. Ra6 Bxc3 56. Ra7+ Kd6 57. Ra6+ Kc7 58. e5 Rxc4+ 59. Kf5 Rh4 60. e6 Rxh2 61. e7 Kd7 62. Ra7+ Ke8 63. Ke6 Rh6+ 64. Kd5 Bb4 65. Kc4 Rc6 0-1

[Event "Baltija Cup op 7th"]
[Site "Palanga"]
[Date "2010.06.22"]
[Round "4"]
[White "Stasans, Aivars"]
[Black "Simanaitis, Vytautas"]
[Result "1/2-1/2"]
[WhiteElo "2205"]
[BlackElo "1960"]
[PlyCount "36"]
[EventDate "2010.06.20"]
[EventType "swiss"]
[EventRounds "8"]
[EventCountry "LTU"]
[SourceTitle "EXT 2022"]
[Source "ChessBase"]
[SourceDate "2021.10.06"]
[SourceVersion "1"]
[SourceVersionDate "2021.10.06"]
[SourceQuality "1"]

1. e4 e5 2. Nf3 Nc6 3. Bb5 Nf6 4. Nc3 Nd4 5. Nxd4 exd4 6. e5 dxc3 7. exf6 Qxf6 8. dxc3 Qe5+ 9. Qe2 Qxe2+ 10. Bxe2 d5 11. Bf4 c6 12. 0-0 Bf5 13. Bd3 Bxd3 14. cxd3 Kd7 15. Rfe1 Bd6 16. Bxd6 Kxd6 17. Re2 Rae8 18. Rae1 Kd7 1/2-1/2

[Event "LTU-chT1 4th 0809 pre group B"]
[Site "Lithuania"]
[Date "2009.01.11"]
[Round "5.3"]
[White "Arulis, Algimantas I"]
[Black "Simanaitis, Vytautas"]
[Result "1-0"]
[WhiteElo "2251"]
[BlackElo "1939"]
[PlyCount "81"]
[EventDate "2008.11.08"]
[EventType "team-tourn"]
[EventRounds "5"]
[EventCountry "LTU"]
[SourceTitle "EXT 2024"]
[Source "ChessBase"]
[SourceDate "2023.10.10"]
[SourceVersion "1"]
[SourceVersionDate "2023.10.10"]
[SourceQuality "1"]
[WhiteTeam "Marijampole Suduva"]
[BlackTeam "Kaunas Margiris II"]
[WhiteTeamCountry "LTU"]
[BlackTeamCountry "LTU"]

1. d4 d5 2. Nf3 Nf6 3. Bg5 e6 4. e3 Be7 5. Nbd2 0-0 6. Bd3 Nbd7 7. 0-0 b6 8. c3 c5 9. Ne5 Nxe5 10. dxe5 Ne8 11. Bxe7 Qxe7 12. f4 f5 13. Nf3 Bb7 14. Qe1 Nc7 15. Bc2 Rfd8 16. Rd1 Rac8 17. Rf2 Na6 18. Rfd2 Nb8 19. Qf2 Nc6 20. h3 b5 21. g4 g6 22. Kh2 Kh8 23. Ng5 h6 24. Qh4 Kg7 25. Nxe6+ Qxe6 26. gxf5 gxf5 27. Rg2+ Kh7 28. Qg4 Qf7 29. Bxf5+ Kh8 30. Qh4 h5 31. Bg6 Qg7 32. Qxh5+ Kg8 33. Bf7+ Kf8 34. Rxg7 Kxg7 35. e6 d4 36. exd4 cxd4 37. cxd4 Nb4 38. Rg1+ Kf8 39. Rg8+ Ke7 40. Qg5+ Kd6 41. Rxd8+ 1-0

[Event "Kaunas Taure"]
[Site "Kaunas"]
[Date "2008.07.27"]
[Round "4.17"]
[White "Stremavicius, Titas"]
[Black "Simanaitis, Vytautas"]
[Result "1/2-1/2"]
[WhiteElo "1786"]
[BlackElo "1920"]
[PlyCount "110"]
[EventDate "2008.07.24"]
[EventType "swiss"]
[EventRounds "9"]
[EventCountry "LTU"]
[SourceTitle "EXT 2024"]
[Source "ChessBase"]
[SourceDate "2023.10.10"]
[SourceVersion "1"]
[SourceVersionDate "2023.10.10"]
[SourceQuality "1"]

1. c4 c6 2. g3 d5 3. cxd5 cxd5 4. Bg2 e5 5. Qb3 Nf6 6. Nc3 e4 7. d3 exd3 8. Nxd5 Nxd5 9. Bxd5 Bb4+ 10. Bd2 Bxd2+ 11. Kxd2 dxe2 12. Kxe2 0-0 13. Kf3 Nc6 14. Kg2 Ne7 15. Bf3 Be6 16. Qxb7 Rb8 17. Qxa7 Nf5 18. Rd1 Qg5 19. h4 Qg6 20. b3 Rbd8 21. Rxd8 Rxd8 22. Ne2 Qf6 23. Nf4 Bc8 24. Nd5 Qe5 25. Qc7 Qxc7 26. Nxc7 Rd2 27. Re1 Bd7 28. Re2 Rd4 29. Na6 g6 30. Nc5 Bb5 31. Re5 f6 32. Re4 Rd2 33. a4 Bc6 34. Rb4 Ne3+ 35. Kg1 Bxf3 36. fxe3 g5 37. hxg5 fxg5 38. Ne6 g4 39. Rb8+ Kf7 40. Ng5+ Kg6 41. Nxf3 gxf3 42. Rf8 Rb2 43. Rxf3 Rxb3 44. Kg2 Ra3 45. Rf4 Rxe3 46. Rf8 Ra3 47. Ra8 Kg5 48. Kh3 h5 49. Ra5+ Kg6 50. Kg2 Kh6 51. Kf2 Kg6 52. Ra8 Kg5 53. a5 Kg4 54. a6 Ra2+ 55. Ke3 Kxg3 1/2-1/2